|
|
|
|
| LEADER |
00000nam2a2200000 4500 |
| 001 |
166619 |
| 005 |
20231031162533.0 |
| 010 |
|
|
|a 5060016358
|
| 035 |
|
|
|a (RuTPU)RU\TPU\book\180732
|
| 090 |
|
|
|a 166619
|
| 100 |
|
|
|a 20091005d1990 m y0rusy50 ca
|
| 101 |
0 |
|
|a rus
|
| 102 |
|
|
|a RU
|
| 105 |
|
|
|a a z 001zy
|
| 200 |
0 |
|
|a Кн.: 1: Инженерно-психологическое проектирование взаимодействия человека с техническими средствами
|f В. М. Гасов, Л. А. Соломонов
|
| 210 |
|
|
|d 1990
|
| 215 |
|
|
|a 127 с.
|c ил.
|
| 320 |
|
|
|a Библиогр.: с. 126.
|
| 333 |
|
|
|a Исключено из фонда НТБ ТПУ
|
| 461 |
|
1 |
|0 (RuTPU)RU\TPU\book\190639
|y 5-06-001640-4
|t Организация взаимодействия человека с техническими средствами АСУ
|o практическое пособие
|o в 7 кн.
|f под ред. В. Н. Четверикова
|v Кн.: 1: Инженерно-психологическое проектирование взаимодействия человека с техническими средствами
|d 1990-
|
| 700 |
|
1 |
|a Гасов
|b В. М.
|g Владимир Михайлович
|
| 701 |
|
1 |
|a Соломонов
|b Л. А.
|g Лев Анатольевич
|
| 801 |
|
1 |
|a RU
|b 63413507
|c 20091005
|
| 801 |
|
2 |
|a RU
|b 63413507
|c 20170120
|g RCR
|
| 942 |
|
|
|c BK
|